[Event "Niedersachsen-ch Seniors op 14th"]
[Site "Bad Bevensen"]
[Date "2011.07.12"]
[Round "8"]
[White "Bachmann, Rolf"]
[Black "Hartmann, Rudi"]
[Result "1/2-1/2"]
[WhiteElo "1890"]
[BlackElo "1730"]
[PlyCount "42"]
[EventDate "2011.07.05"]
[EventType "swiss"]
[EventRounds "9"]
[EventCountry "GER"]
[SourceTitle "EXT 2012"]
[Source "ChessBase"]
[SourceDate "2011.11.24"]
[SourceVersion "1"]
[SourceVersionDate "2011.11.24"]
[SourceQuality "1"]

1. e4 c5 2. Nf3 d6 3. d4 cxd4 4. Nxd4 Nf6 5. Nc3 a6 6. Bd3 g6 7. 0-0 Bg7 8. f4 Qc7 9. f5 Nbd7 10. Be3 Ne5 11. h3 b5 12. g4 Bb7 13. g5 Nfd7 14. Nd5 Bxd5 15. exd5 Qc5 16. fxg6 hxg6 17. Nf5 Qxd5 18. Nxg7+ Kf8 19. Be2 Qxd1 20. Raxd1 Kxg7 21. Kg2 Rh7 1/2-1/2

[Event "Niedersachsen-ch Seniors op 14th"]
[Site "Bad Bevensen"]
[Date "2011.07.11"]
[Round "7"]
[White "Hartmann, Rudi"]
[Black "Ketzscher, Roland"]
[Result "1/2-1/2"]
[WhiteElo "1730"]
[BlackElo "1880"]
[PlyCount "61"]
[EventDate "2011.07.05"]
[EventType "swiss"]
[EventRounds "9"]
[EventCountry "GER"]
[SourceTitle "EXT 2012"]
[Source "ChessBase"]
[SourceDate "2011.11.24"]
[SourceVersion "1"]
[SourceVersionDate "2011.11.24"]
[SourceQuality "1"]

1. c4 Nf6 2. d4 e6 3. e3 d5 4. Bd3 c6 5. Nf3 Nbd7 6. 0-0 Bd6 7. Nc3 0-0 8. b3 e5 9. dxe5 Nxe5 10. Nxe5 Bxe5 11. Bb2 Bxh2+ 12. Kh1 Bc7 13. g3 Qd6 14. Be2 Bh3 15. Re1 Rad8 16. Qd4 Bb6 17. Qh4 Bf5 18. Qg5 Qe6 19. cxd5 cxd5 20. Nb5 h6 21. Qh4 Qe4+ 22. Qxe4 Nxe4 23. Ba3 Rfe8 24. Nd4 Bd7 25. Rac1 Nd6 26. Bf3 Ne4 27. Rc2 Rc8 28. Rec1 Rxc2 29. Rxc2 Rc8 30. Rxc8+ Bxc8 31. Bxe4 1/2-1/2

[Event "Niedersachsen-ch Seniors op 14th"]
[Site "Bad Bevensen"]
[Date "2011.07.10"]
[Round "6"]
[White "Angermann, Immo Frank"]
[Black "Hartmann, Rudi"]
[Result "0-1"]
[WhiteElo "1587"]
[BlackElo "1730"]
[PlyCount "66"]
[EventDate "2011.07.05"]
[EventType "swiss"]
[EventRounds "9"]
[EventCountry "GER"]
[SourceTitle "EXT 2012"]
[Source "ChessBase"]
[SourceDate "2011.11.24"]
[SourceVersion "1"]
[SourceVersionDate "2011.11.24"]
[SourceQuality "1"]

1. e4 c5 2. Nf3 d6 3. Nc3 a6 4. a4 g6 5. b3 Bg7 6. Bb2 Nc6 7. Be2 e6 8. 0-0 Nge7 9. Re1 0-0 10. Qc1 b6 11. Nd1 e5 12. Ne3 Bb7 13. d3 Qc7 14. c4 Bh6 15. Qc3 Rae8 16. Ng4 Bg7 17. Ne3 Bc8 18. Nd5 Nxd5 19. cxd5 Nd4 20. Nxd4 exd4 21. Qc4 a5 22. Bc1 f5 23. f3 f4 24. Bd2 Qd8 25. Qc1 Be5 26. Kf2 Qh4+ 27. Kg1 g5 28. Rf1 Rf6 29. Be1 Qh5 30. Rf2 Rh6 31. h3 Bxh3 32. gxh3 Qxh3 33. Rg2 Re7 0-1

[Event "Niedersachsen-ch Seniors op 14th"]
[Site "Bad Bevensen"]
[Date "2011.07.06"]
[Round "2"]
[White "Kohn, Friedrich"]
[Black "Hartmann, Rudi"]
[Result "1/2-1/2"]
[WhiteElo "1364"]
[BlackElo "1730"]
[PlyCount "63"]
[EventDate "2011.07.05"]
[EventType "swiss"]
[EventRounds "9"]
[EventCountry "GER"]
[SourceTitle "EXT 2012"]
[Source "ChessBase"]
[SourceDate "2011.11.24"]
[SourceVersion "1"]
[SourceVersionDate "2011.11.24"]
[SourceQuality "1"]

1. e4 c5 2. Nf3 d6 3. d4 cxd4 4. Nxd4 a6 5. Nc3 Nf6 6. Bd3 g6 7. h3 Bg7 8. Be3 Qc7 9. Qd2 Nbd7 10. Bh6 0-0 11. Bxg7 Kxg7 12. 0-0 Ne5 13. Qe3 Bd7 14. f4 Nc4 15. Bxc4 Qxc4 16. Qd3 Qc5 17. Kh2 Rac8 18. Nb3 Qc7 19. Rac1 Be6 20. Rfe1 Rfd8 21. Nd5 Nxd5 22. exd5 Bf5 23. Qd4+ Kg8 24. c3 h5 25. Nd2 Re8 26. Nf3 Qc4 27. Qxc4 Rxc4 28. Nd4 Bd7 29. b3 Rc7 30. Re3 e5 31. dxe6 fxe6 32. Nf3 1/2-1/2

[Event "Bad Bevensen Seniors op 12th"]
[Site "Bad Bevensen"]
[Date "2009.07.11"]
[Round "5"]
[White "Hartmann, Rudi"]
[Black "Engelhardt, Erhard"]
[Result "1/2-1/2"]
[WhiteElo "1743"]
[BlackElo "1609"]
[PlyCount "58"]
[EventDate "2009.07.07"]
[EventType "swiss"]
[EventRounds "9"]
[EventCountry "GER"]
[SourceTitle "EXT 2022"]
[Source "ChessBase"]
[SourceDate "2021.10.06"]
[SourceVersion "1"]
[SourceVersionDate "2021.10.06"]
[SourceQuality "1"]

1. d4 b6 2. Nf3 Bb7 3. c4 e6 4. a3 f5 5. e3 Nf6 6. Be2 Be7 7. 0-0 0-0 8. Nc3 d6 9. b3 Ne4 10. Bb2 Nd7 11. Nd2 Nxd2 12. Qxd2 a6 13. Rad1 Qe8 14. f4 d5 15. Bf3 Nf6 16. Rc1 Rc8 17. Rc2 Qd7 18. Rfc1 Ne4 19. Nxe4 fxe4 20. Be2 c6 21. b4 b5 22. c5 Bd8 23. Kh1 Bc7 24. Rg1 Kh8 25. Bg4 Qe7 26. g3 Ra8 27. Bc3 Bc8 28. Qd1 Bd7 29. Rf2 Rf7 1/2-1/2

[Event "Bad Bevensen Seniors op 12th"]
[Site "Bad Bevensen"]
[Date "2009.07.08"]
[Round "2"]
[White "Schlachetka, Werner"]
[Black "Hartmann, Rudi"]
[Result "1/2-1/2"]
[WhiteElo "1936"]
[BlackElo "1743"]
[PlyCount "43"]
[EventDate "2009.07.07"]
[EventType "swiss"]
[EventRounds "9"]
[EventCountry "GER"]
[SourceTitle "EXT 2022"]
[Source "ChessBase"]
[SourceDate "2021.10.06"]
[SourceVersion "1"]
[SourceVersionDate "2021.10.06"]
[SourceQuality "1"]

1. e4 e5 2. Nf3 Nf6 3. Nxe5 d6 4. Nf3 Nxe4 5. Nc3 Nxc3 6. dxc3 Be7 7. Bf4 Nd7 8. Qd2 Nf6 9. h3 a6 10. Bd3 Bd7 11. 0-0 0-0 12. Rfe1 Re8 13. Re2 Bf8 14. Bg5 Rxe2 15. Qxe2 h6 16. Bh4 g5 17. Nxg5 hxg5 18. Bxg5 Bg7 19. Qf3 Bc6 20. Qg3 Qe7 21. Bh6 Qf8 22. Bg5 1/2-1/2

[Event "Bad Bevensen Seniors op 12th"]
[Site "Bad Bevensen"]
[Date "2009.07.07"]
[Round "1"]
[White "Hartmann, Rudi"]
[Black "Gottschalk, Juergen"]
[Result "1-0"]
[WhiteElo "1743"]
[BlackElo "1321"]
[PlyCount "77"]
[EventDate "2009.07.07"]
[EventType "swiss"]
[EventRounds "9"]
[EventCountry "GER"]
[SourceTitle "EXT 2022"]
[Source "ChessBase"]
[SourceDate "2021.10.06"]
[SourceVersion "1"]
[SourceVersionDate "2021.10.06"]
[SourceQuality "1"]

1. d4 d5 2. Nf3 Nf6 3. Bf4 c6 4. h3 Bf5 5. e3 e6 6. Bd3 Bg6 7. 0-0 Nbd7 8. c3 Ne4 9. Qe2 Be7 10. Ne5 Ndf6 11. Nd2 0-0 12. Nxg6 fxg6 13. Nxe4 dxe4 14. Bc2 Qd7 15. c4 Nh5 16. Be5 Nf6 17. c5 b6 18. b4 Nd5 19. a3 Bf6 20. Bd6 Rf7 21. Qd2 bxc5 22. bxc5 Nb6 23. Qc3 Nc8 24. Bg3 Qd5 25. Bb3 Qd7 26. Qc2 Ne7 27. Qxe4 Nd5 28. Qd3 Rd8 29. Rfd1 Bg5 30. Bd6 Qc8 31. Ba4 Bh4 32. Rd2 Rfd7 33. Rb1 Qa8 34. Rbb2 Nc7 35. Qe4 Bxf2+ 36. Kxf2 Rf7+ 37. Kg1 Nd5 38. Rb8 Nc3 39. Rxa8 1-0

[Event "Hessen-ch Seniors op 05th"]
[Site "Bad Sooden-Allendorf"]
[Date "2009.05.01"]
[Round "7"]
[White "Potthammel, Joerg"]
[Black "Hartmann, Rudi"]
[Result "1/2-1/2"]
[WhiteElo "1957"]
[BlackElo "1779"]
[PlyCount "42"]
[EventDate "2009.04.25"]
[EventType "swiss"]
[EventRounds "9"]
[EventCountry "GER"]
[SourceTitle "EXT 2022"]
[Source "ChessBase"]
[SourceDate "2021.10.06"]
[SourceVersion "1"]
[SourceVersionDate "2021.10.06"]
[SourceQuality "1"]

1. e4 c6 2. d4 d5 3. e5 Bf5 4. Nf3 h6 5. Be2 e6 6. 0-0 Ne7 7. Nbd2 Nd7 8. Nb3 Qc7 9. c3 Nc8 10. Nh4 Bh7 11. f4 Be7 12. Nf3 Ncb6 13. Bd3 Bxd3 14. Qxd3 g6 15. Nbd2 0-0-0 16. a4 Kb8 17. b4 Rdf8 18. a5 Nc8 19. Nb3 a6 20. Ba3 Qd8 21. Nc5 Nxc5 1/2-1/2

[Event "Hessen-ch Seniors op 04th"]
[Site "Bad Sooden-Allendorf"]
[Date "2008.04.26"]
[Round "3"]
[White "Narr, Irmgard"]
[Black "Hartmann, Rudi"]
[Result "1/2-1/2"]
[WhiteElo "1590"]
[BlackElo "1729"]
[PlyCount "30"]
[EventDate "2008.04.24"]
[EventType "swiss"]
[EventRounds "9"]
[EventCountry "GER"]
[SourceTitle "EXT 2022"]
[Source "ChessBase"]
[SourceDate "2021.10.06"]
[SourceVersion "1"]
[SourceVersionDate "2021.10.06"]
[SourceQuality "1"]

1. e4 c5 2. Nf3 d6 3. Nc3 Nc6 4. d4 cxd4 5. Nxd4 Nf6 6. f3 g6 7. Be3 Bg7 8. Qd2 0-0 9. 0-0-0 a6 10. g4 Qc7 11. h4 h5 12. gxh5 Nxh5 13. Rg1 Nxd4 14. Bxd4 Bxd4 15. Qxd4 Be6 1/2-1/2

[Event "GER-ch Seniors Gp-B 19th"]
[Site "Templin"]
[Date "2007.08.31"]
[Round "9"]
[White "Mierendorff, Wolfram"]
[Black "Hartmann, Rudi"]
[Result "1/2-1/2"]
[WhiteElo "1755"]
[BlackElo "1763"]
[PlyCount "40"]
[EventDate "2007.08.23"]
[EventType "swiss"]
[EventRounds "9"]
[EventCountry "GER"]
[SourceTitle "EXT 2022"]
[Source "ChessBase"]
[SourceDate "2021.10.06"]
[SourceVersion "1"]
[SourceVersionDate "2021.10.06"]
[SourceQuality "1"]

1. d4 d5 2. c4 c6 3. e3 Nf6 4. Nc3 Bf5 5. Nf3 e6 6. a3 Bd6 7. b4 h6 8. Bb2 0-0 9. Rc1 Nbd7 10. Be2 Rc8 11. 0-0 Qe7 12. Qb3 Ne4 13. cxd5 cxd5 14. Nb5 Bb8 15. Rxc8 Rxc8 16. Rc1 Rxc1+ 17. Bxc1 a6 18. Nc3 Nxc3 19. Qxc3 Nb6 20. Bb2 Qc7 1/2-1/2

[Event "GER-ch Seniors Gp-B 19th"]
[Site "Templin"]
[Date "2007.08.29"]
[Round "7"]
[White "Bertram, Thomas"]
[Black "Hartmann, Rudi"]
[Result "1/2-1/2"]
[WhiteElo "1747"]
[BlackElo "1763"]
[PlyCount "69"]
[EventDate "2007.08.23"]
[EventType "swiss"]
[EventRounds "9"]
[EventCountry "GER"]
[SourceTitle "EXT 2022"]
[Source "ChessBase"]
[SourceDate "2021.10.06"]
[SourceVersion "1"]
[SourceVersionDate "2021.10.06"]
[SourceQuality "1"]

1. e4 c6 2. d4 d5 3. e5 Bf5 4. g4 Bg6 5. h4 h6 6. h5 Bh7 7. e6 fxe6 8. Bd3 Be4 9. f3 Bxd3 10. Qxd3 Qd6 11. Ne2 e5 12. dxe5 Qxe5 13. Qg6+ Kd8 14. Nbc3 Qf6 15. Nf4 e5 16. Ne6+ Kd7 17. Nxf8+ Qxf8 18. Bd2 Qf6 19. Qd3 Ne7 20. 0-0-0 Kc7 21. Rhf1 Nd7 22. f4 e4 23. Qg3 Rad8 24. g5 Qf5 25. Ne2 c5 26. Bc3 d4 27. Bxd4 cxd4 28. Nxd4 Qa5 29. Ne6+ Kb8 30. f5+ Qe5 31. Qb3 a5 32. Qc4 Nc6 33. Rd5 Nb6 34. Qxc6 bxc6 35. Rxe5 1/2-1/2

[Event "Niedersachsen-ch Seniors op 09th"]
[Site "Bad Bevensen"]
[Date "2006.06.30"]
[Round "7"]
[White "Limberg, Max Udo"]
[Black "Hartmann, Rudi"]
[Result "1/2-1/2"]
[WhiteElo "1671"]
[BlackElo "1717"]
[PlyCount "60"]
[EventDate "2006.06.24"]
[EventType "swiss"]
[EventRounds "9"]
[EventCountry "GER"]
[SourceTitle "EXT 2022"]
[Source "ChessBase"]
[SourceDate "2021.10.06"]
[SourceVersion "1"]
[SourceVersionDate "2021.10.06"]
[SourceQuality "1"]

1. d4 d5 2. c4 e6 3. Nc3 Nf6 4. Bg5 Be7 5. e3 c6 6. Nf3 Nbd7 7. Rc1 0-0 8. Be2 Nh5 9. Bxe7 Qxe7 10. Ne5 Nhf6 11. 0-0 Nxe5 12. dxe5 Nd7 13. cxd5 exd5 14. e4 dxe4 15. Nxe4 Qxe5 16. Qc2 Nf6 17. Nxf6+ Qxf6 18. Bd3 h6 19. Rfe1 Be6 20. a3 Rfd8 21. Re3 Rd5 22. b4 a6 23. h3 Rad8 24. Rce1 Qd4 25. Bc4 R5d6 26. Bxe6 Rxe6 27. Rxe6 fxe6 28. Qb3 Qd5 29. Qg3 Qd6 30. Qh4 Rf8 1/2-1/2

[Event "Niedersachsen-ch Seniors op 09th"]
[Site "Bad Bevensen"]
[Date "2006.06.28"]
[Round "5"]
[White "Schneidereit, Manfred"]
[Black "Hartmann, Rudi"]
[Result "1/2-1/2"]
[WhiteElo "1560"]
[BlackElo "1717"]
[PlyCount "49"]
[EventDate "2006.06.24"]
[EventType "swiss"]
[EventRounds "9"]
[EventCountry "GER"]
[SourceTitle "EXT 2022"]
[Source "ChessBase"]
[SourceDate "2021.10.06"]
[SourceVersion "1"]
[SourceVersionDate "2021.10.06"]
[SourceQuality "1"]

1. Nf3 d5 2. g3 Nf6 3. Bg2 e6 4. d3 Be7 5. Nbd2 0-0 6. 0-0 Nbd7 7. b3 c5 8. c4 d4 9. Re1 Rb8 10. e4 e5 11. Nh4 g6 12. Ndf3 Nh5 13. Bh6 Re8 14. Bh3 Bf6 15. Bg4 Ng7 16. Qd2 Nf8 17. h3 Bd7 18. Kg2 Qc8 19. Bxd7 Qxd7 20. Bg5 Qe7 21. Bxf6 Qxf6 22. Nh2 h5 23. Rf1 g5 24. N4f3 Nh7 25. Qa5 1/2-1/2

[Event "Niedersachsen-ch Seniors op 09th"]
[Site "Bad Bevensen"]
[Date "2006.06.24"]
[Round "3"]
[White "Peleikis, Horst"]
[Black "Hartmann, Rudi"]
[Result "1-0"]
[WhiteElo "1944"]
[BlackElo "1717"]
[PlyCount "89"]
[EventDate "2006.06.24"]
[EventType "swiss"]
[EventRounds "9"]
[EventCountry "GER"]
[SourceTitle "EXT 2022"]
[Source "ChessBase"]
[SourceDate "2021.10.06"]
[SourceVersion "1"]
[SourceVersionDate "2021.10.06"]
[SourceQuality "1"]

1. e4 c6 2. d4 d5 3. Nd2 dxe4 4. Nxe4 Bf5 5. Ng3 Bg6 6. Nf3 h6 7. Ne5 Bh7 8. Bc4 e6 9. 0-0 Nf6 10. Re1 Nd5 11. Qe2 Qc7 12. Bxd5 cxd5 13. Bf4 g5 14. Bd2 Nc6 15. Nxc6 bxc6 16. c4 0-0-0 17. c5 Bg7 18. Bc3 Rhe8 19. Nh5 Bh8 20. Qd2 Rd7 21. a4 Rde7 22. Ng3 e5 23. dxe5 Bxe5 24. Bxe5 Rxe5 25. b4 Qe7 26. Rxe5 Qxe5 27. Rd1 f5 28. Qd3 Re7 29. Qa6+ Kb8 30. Qxc6 d4 31. Qd6+ Qxd6 32. cxd6 Rd7 33. Rxd4 f4 34. Nh5 Bc2 35. b5 Bb3 36. Nf6 Rd8 37. f3 Be6 38. Ne4 Bf5 39. Nc5 Bc2 40. a5 Bf5 41. Kf2 Kc8 42. b6 axb6 43. axb6 Bd7 44. b7+ Kb8 45. Rb4 1-0

[Event "Hessen-ch Seniors op 02nd"]
[Site "Bad Sooden-Allendorf"]
[Date "2006.04.27"]
[Round "3"]
[White "Mitzel, Robert"]
[Black "Hartmann, Rudi"]
[Result "0-1"]
[WhiteElo "1942"]
[BlackElo "1732"]
[PlyCount "96"]
[EventDate "2006.04.25"]
[EventType "swiss"]
[EventRounds "9"]
[EventCountry "GER"]
[SourceTitle "EXT 2007"]
[Source "ChessBase"]
[SourceDate "2006.11.23"]
[SourceVersion "1"]
[SourceVersionDate "2006.11.23"]
[SourceQuality "1"]

1. d4 d5 2. c4 e6 3. Nc3 Nf6 4. Bg5 Be7 5. e3 c6 6. Nf3 Nbd7 7. Rc1 0-0 8. Qc2 Re8 9. Bd3 dxc4 10. Bxc4 Nd5 11. Bxe7 Qxe7 12. 0-0 Nxc3 13. Qxc3 e5 14. dxe5 Nxe5 15. Nxe5 Qxe5 16. Qxe5 Rxe5 17. Rfd1 Bf5 18. Rd4 Rae8 19. Rcd1 Kf8 20. Kf1 Re4 21. a3 Rxd4 22. Rxd4 Ke7 23. Ke2 f6 24. f3 Rd8 25. Rxd8 Kxd8 26. e4 Bg6 27. Ke3 Ke7 28. f4 Kd6 29. g4 h6 30. f5 Be8 31. Kf4 b5 32. Be6 a5 33. h4 c5 34. Bd5 b4 35. Bc4 Bc6 36. Bd3 bxa3 37. bxa3 Ba4 38. Bc4 Bd1 39. g5 hxg5+ 40. hxg5 Bh5 41. gxf6 gxf6 42. e5+ fxe5+ 43. Ke4 Be8 44. Bd5 Bh5 45. Bc4 Bd1 46. f6 Bc2+ 47. Kf3 a4 48. Ke3 Bb3 0-1

[Event "Hessen-ch Seniors op 02nd"]
[Site "Bad Sooden-Allendorf"]
[Date "2006.04.26"]
[Round "2"]
[White "Hartmann, Rudi"]
[Black "Limberg, Siegfried"]
[Result "0-1"]
[WhiteElo "1732"]
[BlackElo "1989"]
[PlyCount "80"]
[EventDate "2006.04.25"]
[EventType "swiss"]
[EventRounds "9"]
[EventCountry "GER"]
[SourceTitle "EXT 2007"]
[Source "ChessBase"]
[SourceDate "2006.11.23"]
[SourceVersion "1"]
[SourceVersionDate "2006.11.23"]
[SourceQuality "1"]

1. c4 e5 2. Nc3 Nc6 3. g3 g6 4. Bg2 Bg7 5. d3 d6 6. e3 Nf6 7. Nge2 0-0 8. 0-0 Bd7 9. a3 Qc8 10. Re1 Bh3 11. Bh1 Rb8 12. Rb1 Ne7 13. b4 a6 14. a4 h5 15. Qc2 h4 16. f3 hxg3 17. Nxg3 Qd7 18. e4 c6 19. Bg2 Bxg2 20. Kxg2 Nh7 21. Bd2 f5 22. Rf1 f4 23. Nh1 Kf7 24. Nf2 Rh8 25. h3 Ng5 26. Rh1 Rh5 27. Rh2 Rbh8 28. Rbh1 Ne6 29. Ne2 Bf6 30. Qb3 Bh4 31. Ng4 c5 32. Be1 Nc6 33. b5 Ncd4 34. Nxd4 Nxd4 35. Qd1 axb5 36. axb5 Bxe1 37. Rxe1 Ra8 38. Rf1 Qd8 39. Rf2 Qh4 40. Kf1 Qg3 0-1

[Event "Hessen-ch Seniors op 01st"]
[Site "Bad Sooden-Allendorf"]
[Date "2005.04.26"]
[Round "5"]
[White "Matthes, Manfred"]
[Black "Hartmann, Rudi"]
[Result "1-0"]
[WhiteElo "1820"]
[BlackElo "1703"]
[PlyCount "93"]
[EventDate "2005.04.22"]
[EventType "swiss"]
[EventRounds "9"]
[EventCountry "GER"]
[SourceTitle "EXT 2007"]
[Source "ChessBase"]
[SourceDate "2006.11.23"]
[SourceVersion "1"]
[SourceVersionDate "2006.11.23"]
[SourceQuality "1"]

1. c4 e6 2. Nf3 d5 3. e3 Nf6 4. a3 c5 5. d4 Be7 6. Bd3 0-0 7. 0-0 b6 8. b3 Nc6 9. Bb2 Bb7 10. Nbd2 Qc7 11. Rc1 Rac8 12. Qe2 Qb8 13. Ne5 Rfd8 14. Ndf3 cxd4 15. exd4 Na5 16. Rce1 Qd6 17. c5 Qc7 18. Nxf7 Re8 19. N7g5 Bf8 20. Qc2 Ne4 21. Nxe4 dxe4 22. Bxe4 Bxe4 23. Rxe4 bxc5 24. Rh4 h6 25. dxc5 Qxc5 26. Qg6 Qf5 27. Qg3 Nxb3 28. Rxh6 Rc4 29. Rg6 Re7 30. Ne5 Nd2 31. Re1 Rc2 32. Ba1 Rec7 33. Nd3 Ne4 34. Qg4 Qxg4 35. Rxg4 Nc5 36. Nf4 Nb3 37. Be5 Rc1 38. Kf1 Rxe1+ 39. Kxe1 Rc1+ 40. Ke2 Rc4 41. Kd3 Ra4 42. Kc2 Nc5 43. Rg3 Nd7 44. Bxg7 Kf7 45. Bxf8 Nxf8 46. Rf3 Ke7 47. h4 1-0

[Event "Schoenhagener Seniors op 14th"]
[Site "Uslar"]
[Date "2004.09.02"]
[Round "7"]
[White "Hartmann, Rudi"]
[Black "Jung, Michael"]
[Result "0-1"]
[WhiteElo "1745"]
[BlackElo "1703"]
[PlyCount "29"]
[EventDate "2004.08.27"]
[EventType "swiss"]
[EventRounds "9"]
[EventCountry "GER"]
[SourceTitle "EXT 2006"]
[Source "ChessBase"]
[SourceDate "2005.11.24"]
[SourceVersion "1"]
[SourceVersionDate "2005.11.24"]
[SourceQuality "1"]

1. d4 d5 2. c4 c6 3. cxd5 cxd5 4. e3 Nf6 5. Nf3 a6 6. Nc3 Bg4 7. Be2 e6 8. 0-0 Bd6 9. Qd3 0-0 10. Bd2 Nc6 11. Rac1 Bf5 12. e4 dxe4 13. Qc4 exf3 14. Bxf3 Rc8 15. Qe2 0-1

[Event "Schoenhagener Seniors op 14th"]
[Site "Uslar"]
[Date "2004.08.29"]
[Round "3"]
[White "Hartmann, Rudi"]
[Black "Bielefeld, Guenter"]
[Result "1-0"]
[WhiteElo "1745"]
[BlackElo "1518"]
[PlyCount "72"]
[EventDate "2004.08.27"]
[EventType "swiss"]
[EventRounds "9"]
[EventCountry "GER"]
[SourceTitle "EXT 2006"]
[Source "ChessBase"]
[SourceDate "2005.11.24"]
[SourceVersion "1"]
[SourceVersionDate "2005.11.24"]
[SourceQuality "1"]

1. d4 Nf6 2. c4 e6 3. Nc3 d5 4. e3 c6 5. Nf3 Nbd7 6. cxd5 exd5 7. Bd3 Be7 8. 0-0 0-0 9. Qc2 h6 10. Bd2 Re8 11. Rfb1 Bd6 12. b4 a6 13. a4 Rb8 14. b5 axb5 15. axb5 c5 16. dxc5 Nxc5 17. Be2 b6 18. Nd4 Bb7 19. Nc6 Bxc6 20. bxc6 Bc7 21. Nb5 Nfe4 22. Nxc7 Qxc7 23. Bb5 Nxd2 24. Qxd2 Red8 25. Ra3 Qd6 26. Ra7 Ne6 27. Qc3 Nc7 28. Be2 Rdc8 29. Bg4 Rd8 30. Bd7 Ra8 31. Rxa8 Nxa8 32. Ra1 Qc7 33. Qd4 Qd6 34. f3 Rb8 35. Qf4 Nc7 36. Ra7 b5 1-0

[Event "Schoenhagener Seniors op 14th"]
[Site "Uslar"]
[Date "2004.08.27"]
[Round "1"]
[White "Hartmann, Rudi"]
[Black "Kampfrath, Siegfried"]
[Result "1-0"]
[WhiteElo "1745"]
[BlackElo "1608"]
[PlyCount "67"]
[EventDate "2004.08.27"]
[EventType "swiss"]
[EventRounds "9"]
[EventCountry "GER"]
[SourceTitle "EXT 2006"]
[Source "ChessBase"]
[SourceDate "2005.11.24"]
[SourceVersion "1"]
[SourceVersionDate "2005.11.24"]
[SourceQuality "1"]

1. d4 d5 2. c4 e6 3. Nf3 Nf6 4. e3 c5 5. Nc3 a6 6. dxc5 Bxc5 7. cxd5 exd5 8. Be2 0-0 9. 0-0 b5 10. b3 Nc6 11. Bb2 d4 12. Nxd4 Bxd4 13. exd4 Nxd4 14. Bd3 Bb7 15. Re1 Qb6 16. Ne4 Rad8 17. Nxf6+ Qxf6 18. Be4 Bxe4 19. Rxe4 Nf3+ 20. Qxf3 Qxb2 21. Rae1 Qxa2 22. Re7 a5 23. h3 a4 24. bxa4 b4 25. Rb7 Rb8 26. Rxb8 Rxb8 27. Qf4 Rf8 28. Qxb4 Ra8 29. Re3 g6 30. Ra3 Qc2 31. a5 Rd8 32. a6 Rd1+ 33. Kh2 Qxf2 34. a7 1-0

[Event "Bad Sooden-Allendorf Seniors op 16th"]
[Site "Bad Sooden-Allendorf"]
[Date "2004.04.28"]
[Round "7"]
[White "Hartmann, Rudi"]
[Black "Eidelmann, Vova"]
[Result "0-1"]
[WhiteElo "1756"]
[BlackElo "2036"]
[PlyCount "97"]
[EventDate "2004.04.22"]
[EventType "swiss"]
[EventRounds "9"]
[EventCountry "GER"]
[SourceTitle "EXT 2006"]
[Source "ChessBase"]
[SourceDate "2005.11.24"]
[SourceVersion "1"]
[SourceVersionDate "2005.11.24"]
[SourceQuality "1"]

1. d4 d5 2. c4 dxc4 3. e3 e5 4. Bxc4 exd4 5. exd4 Bb4+ 6. Nc3 Qe7+ 7. Nge2 Nf6 8. 0-0 0-0 9. a3 Ba5 10. Bg5 c6 11. Ng3 Qd6 12. Qd3 Bc7 13. Rfe1 h6 14. Bd2 Rd8 15. Nce2 Be6 16. Bf4 Bxc4 17. Bxd6 Bxd3 18. Bxc7 Re8 19. Nf4 Bh7 20. Ba5 Nbd7 21. Rxe8+ Rxe8 22. Re1 Rxe1+ 23. Bxe1 g5 24. Nfe2 Nd5 25. Bd2 N7b6 26. Nc3 f5 27. Kf1 Kf7 28. Ke1 Ke6 29. Nge2 f4 30. Kd1 Nc4 31. Bc1 b5 32. Na2 a5 33. b4 Be4 34. g3 Bf3 35. Ke1 Bxe2 36. Kxe2 a4 37. g4 Nf6 38. h3 Ne4 39. f3 Nf6 40. Nc3 Nd5 41. Nd1 Kf6 42. Kd3 Kg6 43. Ke2 h5 44. Kd3 hxg4 45. hxg4 Kf6 46. Ke4 Ke6 47. Kd3 Ne7 48. Nc3 Kd6 49. Ke2 0-1

[Event "Bad Sooden-Allendorf Seniors op 16th"]
[Site "Bad Sooden-Allendorf"]
[Date "2004.04.27"]
[Round "6"]
[White "Oldach, Ehrenfried"]
[Black "Hartmann, Rudi"]
[Result "1/2-1/2"]
[WhiteElo "2046"]
[BlackElo "1756"]
[PlyCount "86"]
[EventDate "2004.04.22"]
[EventType "swiss"]
[EventRounds "9"]
[EventCountry "GER"]
[SourceTitle "EXT 2006"]
[Source "ChessBase"]
[SourceDate "2005.11.24"]
[SourceVersion "1"]
[SourceVersionDate "2005.11.24"]
[SourceQuality "1"]

1. e4 e5 2. Nf3 Nf6 3. Nc3 d6 4. d4 exd4 5. Nxd4 Be7 6. Be2 0-0 7. 0-0 Bd7 8. f4 Nc6 9. Be3 Re8 10. Qe1 Bf8 11. Bf3 g6 12. Qg3 Nxd4 13. Bxd4 c5 14. Be3 Bc6 15. f5 Nd7 16. fxg6 fxg6 17. h4 Ne5 18. Be2 Bg7 19. Bg5 Qd7 20. h5 Rf8 21. hxg6 hxg6 22. Bf4 Qe6 23. Rad1 Rad8 24. Nd5 b5 25. Bg5 Rd7 26. Rxf8+ Kxf8 27. Qh4 Rf7 28. b3 Ke8 29. c4 b4 30. Rf1 Rxf1+ 31. Kxf1 Kd7 32. Kg1 Bxd5 33. cxd5 Qf7 34. Bd8 Kc8 35. Ba6+ Kb8 36. Ba5 Bf6 37. Qh3 Nd7 38. Bb5 Bd4+ 39. Kh2 Qf4+ 40. Qg3 Qh6+ 41. Qh3 Be5+ 42. g3 Qd2+ 43. Qg2 Qh6+ 1/2-1/2

[Event "Rhoen Seniors-B 4th"]
[Site "Bad Bocklet"]
[Date "2003.11.10"]
[Round "5"]
[White "Hartmann, Rudi"]
[Black "Fritsch, Wolfgang"]
[Result "1/2-1/2"]
[WhiteElo "1731"]
[BlackElo "1729"]
[PlyCount "50"]
[EventDate "2003.11.??"]
[EventType "swiss"]
[EventRounds "9"]
[EventCountry "GER"]
[SourceTitle "EXT 2006"]
[Source "ChessBase"]
[SourceDate "2005.11.24"]
[SourceVersion "1"]
[SourceVersionDate "2005.11.24"]
[SourceQuality "1"]

1. d4 Nf6 2. c4 e5 3. dxe5 Ng4 4. Nf3 Nc6 5. h3 Ngxe5 6. Nxe5 Nxe5 7. e3 Bb4+ 8. Bd2 Bxd2+ 9. Qxd2 d6 10. Nc3 Be6 11. b3 a6 12. Be2 Qg5 13. g3 Qf6 14. f4 Nc6 15. Kf2 Qe7 16. Bf3 Qd7 17. g4 f5 18. g5 0-0-0 19. Nd5 Kb8 20. b4 Na7 21. a4 c6 22. Nb6 Qc7 23. a5 Nc8 24. Nxc8 Qxc8 25. Qc3 Qc7 1/2-1/2